北京市三环路立交 Interchanges along the 3rd ring of Beijing - Statistics

General Stats
  • This quiz has been taken 75 times
  • The average score is 27 of 49
Answers on the Map
Answers color-coded by a green-red scale on the quiz's map according to % correct below.
 
Answer Stats
% Correct
三元桥
86%
国贸桥
81%
安华桥
79%
苏州桥
78%
马甸桥
78%
安贞桥
73%
莲花桥
70%
联想桥
70%
北太平桥
70%
四通桥
68%
六里桥
67%
紫竹桥
67%
蓟门桥
67%
潘家园桥
65%
航天桥
65%
和平西桥
65%
和平东桥
65%
双井桥
63%
丽泽桥
62%
花园桥
60%
劲松桥
59%
十里河桥
59%
分钟寺桥
59%
新兴桥
59%
太阳宫桥
57%
三元西桥
57%
燕莎桥
57%
为公桥
57%
洋桥
56%
方庄桥
54%
三元东桥
51%
长虹桥
51%
万寿桥
51%
木樨园桥
49%
农展桥
48%
京广桥
46%
华威桥
46%
成寿寺桥
46%
刘家窑桥
46%
西坝河桥
40%
玉泉营桥
40%
丰益桥
40%
光华桥
38%
赵公口桥
38%
万柳桥
30%
万芳桥
29%
东铁营桥
25%
右安南桥
25%
东管头南桥
14%
No matching quizzes found
Score Distribution
Percent of People with Each Score
Percentile by Number Answered
Your Score History
You have not taken this quiz